<?xml version="1.0" encoding="UTF-8"?>
<collection xmlns="http://www.loc.gov/MARC21/slim">
 <record>
  <leader>00497pamaa2200169   4500</leader>
  <controlfield tag="001">0000023897</controlfield>
  <controlfield tag="005">20100503090000.0</controlfield>
  <datafield tag="020" ind1="0" ind2="0">
   <subfield code="a">0333752384 </subfield>
  </datafield>
  <datafield tag="082" ind1=" " ind2=" ">
   <subfield code="a">320.5 KEG 1999</subfield>
  </datafield>
  <datafield tag="090" ind1="0" ind2="0">
   <subfield code="a">JZ1242 </subfield>
   <subfield code="b">KEG 1999</subfield>
  </datafield>
  <datafield tag="100" ind1="1" ind2="0">
   <subfield code="a">Kegley </subfield>
  </datafield>
  <datafield tag="245" ind1="1" ind2="0">
   <subfield code="a">World politics : </subfield>
   <subfield code="b">trend and transformation  </subfield>
   <subfield code="c">Charles W. Kegley and Eugene R. Wittkopf.</subfield>
  </datafield>
  <datafield tag="250" ind1="0" ind2="0">
   <subfield code="a">7th ed..</subfield>
  </datafield>
  <datafield tag="260" ind1="0" ind2="0">
   <subfield code="a">London: </subfield>
   <subfield code="b">MacMillan, </subfield>
   <subfield code="c">1999.</subfield>
  </datafield>
  <datafield tag="300" ind1=" " ind2=" ">
   <subfield code="a">xxviii, 626p.: </subfield>
   <subfield code="b">ill.; </subfield>
   <subfield code="c">26cm.</subfield>
  </datafield>
  <datafield tag="650" ind1="0" ind2="0">
   <subfield code="a">International relations </subfield>
  </datafield>
  <datafield tag="700" ind1="1" ind2="1">
   <subfield code="a">Wittkopf, </subfield>
   <subfield code="h">Eugene R. </subfield>
  </datafield>
 </record>
</collection>
